Nennen Sie alle Länder Afrikas, die an der Küste liegen - Statistiken

Allgemein
  • Dieses Quiz wurde 128 mal gespielt
    48 seit der letzten Aktualisierung
  • Das Durchschnittsergebnis liegt bei 27 aus 32
Antwortstatistiken
Hint Antwort % Korrekt
A Ä Ägypten
98%
E Elfenbeinküste
98%
T Tansania
98%
Algerien
95%
Südafrika
95%
Gambia
93%
Kenia
93%
M Marokko
93%
Togo
93%
K Kamerun
91%
N Namibia
91%
Tunesien
91%
Ghana
88%
Guinea
88%
Libyen
88%
S Senegal
88%
Somalia
88%
Äquatorialguinea
86%
Angola
84%
Dschibuti
84%
Eritrea
84%
L Liberia
84%
Mosambik
84%
B Benin
81%
G Gabun
79%
D (3) Demokratische Republik Kongo
77%
(2) Guinea-Bissau
77%
Nigeria
77%
Kongo
72%
Mauretanien
72%
(2) Sierra Leone
70%
Sudan
65%
Keine übereinstimmenden Quizze gefunden
Verteilung der Resultate
Anzahl Personen mit jedem Resultat
Perzentil nach korrekt beantworteten Fragen
Ihre Resultats-Entwicklung
Sie haben dieses Quiz seit der letzten Aktualisierung nicht gespielt